[Event "19. Obert Int. Sant Marti 2017 - B"]
[Site "Barcelona ESP"]
[Date "2017.07.16"]
[Round "4.30"]
[White "Madrid Sole, Antonio"]
[Black "Llombart Baiges, Jaime"]
[Result "1-0"]
[WhiteElo "1772"]
[BlackElo "1622"]
[PlyCount "57"]
[EventDate "2017.07.13"]
[EventType "swiss"]
[EventRounds "9"]
[EventCountry "ESP"]
[SourceTitle "Ajedrez en Madrid"]
[Source "lmi"]
[SourceDate "2017.07.13"]
[SourceVersion "1"]
[SourceVersionDate "2019.06.21"]
[SourceQuality "1"]

1. d4 d5 2. Nf3 Nf6 3. e3 Bf5 4. c4 e6 5. Qb3 Qc8 6. cxd5 Nxd5 7. Nbd2 Nb6 8.
e4 Bg6 9. a4 a5 10. Bb5+ N8d7 11. d5 exd5 12. exd5 Bd6 13. Qe3+ Kd8 14. O-O Re8
15. Qd4 Be5 16. Nxe5 Rxe5 17. Nf3 Rf5 18. Qxg7 c6 19. dxc6 bxc6 20. Be2 Kc7 21.
Nd4 Nf6 22. Nxf5 Qxf5 23. Qh6 Nbd5 24. Qg5 Qd7 25. Bf3 Rg8 26. Bxd5 cxd5 27.
Qxf6 Be4 28. Bf4+ Kb7 29. Bg3 1-0

[Event "19. Obert Int. Sant Marti 2017 - B"]
[Site "Barcelona ESP"]
[Date "2017.07.16"]
[Round "4.31"]
[White "Alcala Gonzalez, Cesar"]
[Black "Varela Cuadrado, Cesar"]
[Result "0-1"]
[WhiteElo "1557"]
[BlackElo "1770"]
[PlyCount "142"]
[EventDate "2017.07.13"]
[EventType "swiss"]
[EventRounds "9"]
[EventCountry "ESP"]
[SourceTitle "Ajedrez en Madrid"]
[Source "lmi"]
[SourceDate "2017.07.13"]
[SourceVersion "1"]
[SourceVersionDate "2019.06.21"]
[SourceQuality "1"]

1. d4 Nf6 2. c4 c5 3. d5 e6 4. Nc3 exd5 5. cxd5 d6 6. e4 g6 7. f3 Bg7 8. Bg5 h6
9. Be3 O-O 10. Qd2 Kh7 11. Bd3 a6 12. a4 Nbd7 13. Nge2 Ne5 14. b3 Nxd3+ 15.
Qxd3 Bd7 16. O-O Rb8 17. e5 Bf5 18. Qd2 Ne8 19. exd6 Qxd6 20. Bf4 Be5 21. Bxe5
Qxe5 22. Ng3 Nd6 23. Rad1 b5 24. Rfe1 Qf6 25. Nge4 Bxe4 26. Nxe4 Nxe4 27. fxe4
Qe5 28. d6 bxa4 29. bxa4 Rb4 30. Qd5 Qxd5 31. Rxd5 Rb6 32. e5 Rc6 33. e6 fxe6
34. Rxe6 Kg7 35. Ree5 c4 36. Re7+ Kf6 37. Re1 Rd8 38. Rc1 Ke6 39. Rd4 Rdxd6 40.
Rdxc4 Rxc4 41. Rxc4 Kd5 42. Rc7 Rf6 43. Rb7 Kc6 44. Rb3 Kc5 45. Rb7 Rb6 46. Rf7
Kb4 47. Rf4+ Kb3 48. a5 Re6 49. Kf2 Re5 50. Rf6 Rf5+ 51. Rxf5 gxf5 52. h3 Kb4
53. g4 fxg4 54. hxg4 Kxa5 55. Kg3 Kb4 56. Kh4 a5 57. Kh5 a4 58. Kxh6 a3 59. g5
a2 60. g6 a1=Q 61. g7 Qh1+ 62. Kg6 Qg2+ 63. Kh7 Qh3+ 64. Kg6 Qg4+ 65. Kf7 Qf5+
66. Ke8 Qc8+ 67. Kf7 Qd7+ 68. Kf8 Qf5+ 69. Ke8 Qg6+ 70. Kf8 Qf6+ 71. Kg8 Kc5
0-1

[Event "19. Obert Int. Sant Marti 2017 - B"]
[Site "Barcelona ESP"]
[Date "2017.07.16"]
[Round "4.32"]
[White "Husson, Cybele"]
[Black "Zheng, Hong Wei"]
[Result "1/2-1/2"]
[WhiteElo "1870"]
[BlackElo "1572"]
[PlyCount "115"]
[EventDate "2017.07.13"]
[EventType "swiss"]
[EventRounds "9"]
[EventCountry "ESP"]
[SourceTitle "Ajedrez en Madrid"]
[Source "lmi"]
[SourceDate "2017.07.13"]
[SourceVersion "1"]
[SourceVersionDate "2019.06.21"]
[SourceQuality "1"]

1. e4 e5 2. Nf3 Nc6 3. Nc3 Nf6 4. d4 d6 5. dxe5 Nxe5 6. Nxe5 dxe5 7. Qxd8+ Kxd8
8. Bg5 c6 9. Bc4 Be6 10. Bxe6 fxe6 11. f3 Bd6 12. Nd1 Ke7 13. Ne3 Rad8 14. Ke2
Bc7 15. Rhd1 h6 16. Bh4 Rxd1 17. Rxd1 Rd8 18. Rxd8 Bxd8 19. Nc4 Bc7 20. Be1 Nd7
21. Bc3 b5 22. Ne3 Bb6 23. Bb4+ Bc5 24. Bxc5+ Nxc5 25. b3 Nd7 26. Kd3 Kd6 27.
Kc3 Kc5 28. b4+ Kd6 29. Kb3 a6 30. c4 Nf6 31. a4 g6 32. axb5 axb5 33. Kc3 Ke7
34. Nd1 Ne8 35. Nf2 Nd6 36. cxb5 cxb5 37. Ng4 Nf7 38. Kd3 h5 39. Ne3 Kf6 40.
Nd1 Kg5 41. Ke2 Kf6 42. Kf2 Nd6 43. Nc3 g5 44. Kg3 h4+ 45. Kh3 Kg6 46. Kg4 Kh6
47. g3 hxg3 48. Kxg3 Kh5 49. Ne2 Nc8 50. Nc1 Ne7 51. Nd3 Nc6 52. h3 Kh6 53. Kg4
Kg6 54. h4 gxh4 55. Kxh4 Kh6 56. Kg4 Kg6 57. Kh4 Kh6 58. Kg4 1/2-1/2

[Event "19. Obert Int. Sant Marti 2017 - B"]
[Site "Barcelona ESP"]
[Date "2017.07.16"]
[Round "4.33"]
[White "Sanchez Paz, Josep"]
[Black "Cano Sevilla, Ivan"]
[Result "1/2-1/2"]
[WhiteElo "1657"]
[BlackElo "1904"]
[PlyCount "34"]
[EventDate "2017.07.13"]
[EventType "swiss"]
[EventRounds "9"]
[EventCountry "ESP"]
[SourceTitle "Ajedrez en Madrid"]
[Source "lmi"]
[SourceDate "2017.07.13"]
[SourceVersion "1"]
[SourceVersionDate "2019.06.21"]
[SourceQuality "1"]

1. e4 c5 2. Nf3 g6 3. d4 cxd4 4. Nxd4 Bg7 5. c4 Nc6 6. Be3 Nf6 7. Nc3 d6 8. Be2
O-O 9. O-O Bd7 10. Rc1 Nxd4 11. Bxd4 Bc6 12. Bf3 Nd7 13. Bxg7 Kxg7 14. Be2 Kg8
15. Kh1 Qb6 16. Qd2 Kg7 17. f4 a5 1/2-1/2

[Event "19. Obert Int. Sant Marti 2017 - B"]
[Site "Barcelona ESP"]
[Date "2017.07.16"]
[Round "4.34"]
[White "Walter Travella, German"]
[Black "Escofet Llongueras, Joan"]
[Result "1-0"]
[WhiteElo "1892"]
[BlackElo "1676"]
[PlyCount "59"]
[EventDate "2017.07.13"]
[EventType "swiss"]
[EventRounds "9"]
[EventCountry "ESP"]
[SourceTitle "Ajedrez en Madrid"]
[Source "lmi"]
[SourceDate "2017.07.13"]
[SourceVersion "1"]
[SourceVersionDate "2019.06.21"]
[SourceQuality "1"]

1. Nc3 Nf6 2. e4 d6 3. d4 Nbd7 4. f4 c5 5. Nf3 cxd4 6. Qxd4 Qb6 7. Qxb6 Nxb6 8.
Nb5 Kd8 9. Ng5 e6 10. Nxf7+ Ke7 11. Nxh8 Nxe4 12. Bd3 Nf6 13. Be3 Nbd5 14. Bd4
a6 15. Nc3 Nxf4 16. Bxf6+ gxf6 17. Bxh7 Nxg2+ 18. Kf2 Nf4 19. Ng6+ Nxg6 20.
Bxg6 Bd7 21. Rhe1 Bc6 22. Rad1 Bh6 23. Nd5+ Bxd5 24. Rxd5 Bf4 25. Rh5 d5 26.
Rh7+ Kd6 27. h4 b5 28. h5 Be5 29. Rxe5 fxe5 30. h6 1-0

[Event "19. Obert Int. Sant Marti 2017 - B"]
[Site "Barcelona ESP"]
[Date "2017.07.16"]
[Round "4.35"]
[White "Low, Ethan"]
[Black "Gonzalez Lafita, Oscar"]
[Result "0-1"]
[WhiteElo "1643"]
[BlackElo "1867"]
[PlyCount "110"]
[EventDate "2017.07.13"]
[EventType "swiss"]
[EventRounds "9"]
[EventCountry "ESP"]
[SourceTitle "Ajedrez en Madrid"]
[Source "lmi"]
[SourceDate "2017.07.13"]
[SourceVersion "1"]
[SourceVersionDate "2019.06.21"]
[SourceQuality "1"]

1. e4 d6 2. d4 g6 3. Bd3 Bg7 4. c3 Nf6 5. h3 Nbd7 6. Nf3 O-O 7. O-O Re8 8. Nbd2
e5 9. Re1 c6 10. Nc4 Qc7 11. a4 Nb6 12. Nxb6 Qxb6 13. a5 Qc7 14. Qc2 Be6 15.
Be3 h6 16. a6 b6 17. b4 Nd7 18. Rab1 d5 19. b5 cxb5 20. Rxb5 exd4 21. cxd4 Qd6
22. e5 Qf8 23. Bd2 Rec8 24. Qb2 Nb8 25. Bb4 Qd8 26. Ra1 Nc6 27. Bd6 Bf8 28.
Bxf8 Qxf8 29. Qd2 Rc7 30. Rab1 Kh7 31. Qf4 Ne7 32. h4 Rc3 33. R5b3 Rxd3 34.
Rxd3 Bf5 35. Rdd1 Bxb1 36. Rxb1 Rc8 37. Qf6 Nf5 38. g4 Ng7 39. Re1 Ne6 40. Kg2
Rc6 41. h5 Qg7 42. hxg6+ Qxg6 43. Kg3 Rc4 44. Qe7 Rc7 45. Qd6 h5 46. g5 Qf5 47.
Re3 Qg4+ 48. Kh2 Nf4 49. Ne1 Rc2 50. Rf3 Qh4+ 51. Kg1 Rc1 52. Qb4 Qg4+ 53. Rg3
Ne2+ 54. Kg2 Nxg3 55. fxg3 Qe2+ 0-1

[Event "19. Obert Int. Sant Marti 2017 - B"]
[Site "Barcelona ESP"]
[Date "2017.07.16"]
[Round "4.36"]
[White "Bes Alvarez, Alex"]
[Black "Corominas Garrido, Jordi"]
[Result "1/2-1/2"]
[WhiteElo "1620"]
[BlackElo "1864"]
[PlyCount "155"]
[EventDate "2017.07.13"]
[EventType "swiss"]
[EventRounds "9"]
[EventCountry "ESP"]
[SourceTitle "Ajedrez en Madrid"]
[Source "lmi"]
[SourceDate "2017.07.13"]
[SourceVersion "1"]
[SourceVersionDate "2019.06.21"]
[SourceQuality "1"]

1. d4 e6 2. Nf3 f5 3. Bg5 Nf6 4. c4 Bb4+ 5. Nc3 O-O 6. a3 Bxc3+ 7. bxc3 d6 8.
e3 Qe8 9. Qb3 Kh8 10. Be2 b6 11. h3 Nbd7 12. O-O-O Ne4 13. Bh4 c5 14. d5 Ba6
15. Ng5 Nxg5 16. Bxg5 e5 17. Rde1 Qf7 18. g4 g6 19. Bh6 Rfe8 20. h4 Nf6 21. f3
Ng8 22. Bg5 h6 23. h5 Kg7 24. hxg6 Qd7 25. gxf5 Qxf5 26. Bh4 Bc8 27. Kd2 Bd7
28. Bd3 Qf8 29. Qc2 Rab8 30. Ref1 b5 31. cxb5 c4 32. Be4 Nf6 33. Bxf6+ Qxf6 34.
f4 Rf8 35. a4 a6 36. bxa6 Ra8 37. Qa2 Rxa6 38. fxe5 Qxe5 39. Rxf8 Kxf8 40. Rf1+
Kg8 41. Qb1 Ra8 42. g7 Kxg7 43. Qb7 Rd8 44. Qc7 Qxe4 45. Rg1+ Kh7 46. Qxd8 Qd3+
47. Kc1 Qxc3+ 48. Kd1 Qd3+ 49. Ke1 Qxe3+ 50. Kf1 Bh3+ 51. Rg2 Qf3+ 52. Ke1 Qxg2
53. Qe7+ Qg7 54. Qe4+ Kh8 55. Qe8+ Qg8 56. Qe3 Qg2 57. Qxh6+ Kg8 58. Qxd6 Qf1+
59. Kd2 Qd3+ 60. Ke1 Qe3+ 61. Kd1 Bg4+ 62. Kc2 Qd3+ 63. Kb2 Qb3+ 64. Ka1 Qxa4+
65. Kb2 Qb3+ 66. Ka1 Qc3+ 67. Ka2 Qa5+ 68. Kb2 c3+ 69. Kc2 Bf5+ 70. Kb3 c2 71.
Qb8+ Kf7 72. Qb7+ Kf6 73. Qc6+ Ke5 74. d6 Bd7 75. Qxd7 c1=Q 76. Qe8+ Kxd6 77.
Qe6+ Kc7 78. Qc8+ 1/2-1/2

[Event "19. Obert Int. Sant Marti 2017 - B"]
[Site "Barcelona ESP"]
[Date "2017.07.16"]
[Round "4.37"]
[White "Lozano Ruiz, David"]
[Black "Aguilera Campana, Antonio"]
[Result "0-1"]
[WhiteElo "1844"]
[BlackElo "1674"]
[PlyCount "136"]
[EventDate "2017.07.13"]
[EventType "swiss"]
[EventRounds "9"]
[EventCountry "ESP"]
[SourceTitle "Ajedrez en Madrid"]
[Source "lmi"]
[SourceDate "2017.07.13"]
[SourceVersion "1"]
[SourceVersionDate "2019.06.21"]
[SourceQuality "1"]

1. c4 e5 2. g3 Bc5 3. Bg2 Nf6 4. e3 O-O 5. Nc3 c6 6. Nge2 d5 7. d4 exd4 8. exd4
Bb4 9. Qb3 Bxc3+ 10. Qxc3 Re8 11. Bg5 Bg4 12. f3 Be6 13. c5 Nbd7 14. O-O h6 15.
Bf4 Bf5 16. Rfe1 Nf8 17. Bd6 Qd7 18. g4 Bh7 19. Nf4 a5 20. Bh3 Qd8 21. a4 Ne6
22. Nxe6 fxe6 23. Re3 Nd7 24. Rae1 Qh4 25. Kg2 Qf6 26. Qd2 g5 27. Bc7 Nf8 28.
b3 Ng6 29. Kg1 Nh4 30. Bg2 Re7 31. Be5 Qf7 32. Bd6 Ree8 33. Qe2 Rac8 34. Rxe6
Rxe6 35. Qxe6 Qxe6 36. Rxe6 Bc2 37. Re3 Ng6 38. Kf2 Nf4 39. Bf1 Rd8 40. Bc7 Ra8
41. Ke1 Kf7 42. h4 Re8 43. Rxe8 Kxe8 44. hxg5 hxg5 45. Bxa5 Bxb3 46. Bd2 Bxa4
47. Bxf4 gxf4 48. Kd2 Kf7 49. Be2 Kf6 50. Kc3 Ke7 51. Kd2 Kf6 52. Bd3 Kg5 53.
Ke1 Kh4 54. Kf2 Kg5 55. Ke1 Kh4 56. Kd2 Kg5 57. Kc3 Bd1 58. Bf5 Bxf3 59. Bc8
Bxg4 60. Bxb7 Bd7 61. Ba6 Kg4 62. Kd2 f3 63. Ke3 Kg3 64. Bf1 f2 65. Ke2 Bf5 66.
Ke3 Be4 67. Kd2 Kh2 68. Ke2 Kg1 0-1

[Event "19. Obert Int. Sant Marti 2017 - B"]
[Site "Barcelona ESP"]
[Date "2017.07.16"]
[Round "4.39"]
[White "Khudov, Oleksandr"]
[Black "Serentill Tost, Eduard"]
[Result "1-0"]
[WhiteElo "1823"]
[BlackElo "1639"]
[PlyCount "63"]
[EventDate "2017.07.13"]
[EventType "swiss"]
[EventRounds "9"]
[EventCountry "ESP"]
[SourceTitle "Ajedrez en Madrid"]
[Source "lmi"]
[SourceDate "2017.07.13"]
[SourceVersion "1"]
[SourceVersionDate "2019.06.21"]
[SourceQuality "1"]

1. d4 Nf6 2. Nf3 g6 3. Bf4 Bg7 4. e3 O-O 5. Be2 d6 6. h3 Nbd7 7. O-O Re8 8. c4
b6 9. Nc3 Bb7 10. a4 a5 11. Qc2 c5 12. Rad1 cxd4 13. exd4 Qc8 14. Nb5 Ba6 15.
Rfe1 Bxb5 16. axb5 Nd5 17. Bh2 N5f6 18. Nd2 h6 19. Bf3 Ra7 20. Bc6 Kf8 21. c5
dxc5 22. dxc5 Nxc5 23. Bxe8 Qxe8 24. Qc4 Rd7 25. Nb3 Nxb3 26. Qxb3 Qd8 27. Rxd7
Qxd7 28. Rd1 Qc8 29. Qe3 Qb7 30. Rd8+ Ne8 31. b3 f6 32. Qe6 1-0

[Event "19. Obert Int. Sant Marti 2017 - B"]
[Site "Barcelona ESP"]
[Date "2017.07.16"]
[Round "4.40"]
[White "Bouzas Arcos, Juan Manuel"]
[Black "Gonzalez Canovas, Sebastia"]
[Result "1/2-1/2"]
[WhiteElo "1771"]
[BlackElo "1657"]
[PlyCount "54"]
[EventDate "2017.07.13"]
[EventType "swiss"]
[EventRounds "9"]
[EventCountry "ESP"]
[SourceTitle "Ajedrez en Madrid"]
[Source "lmi"]
[SourceDate "2017.07.13"]
[SourceVersion "1"]
[SourceVersionDate "2019.06.21"]
[SourceQuality "1"]

1. e4 c6 2. Nc3 d5 3. Nf3 Bg4 4. h3 Bh5 5. exd5 cxd5 6. Bb5+ Nc6 7. O-O e6 8.
Re1 a6 9. Be2 Be7 10. d4 Nf6 11. Be3 O-O 12. Qd2 Bg6 13. Bg5 Re8 14. Bd3 Bxd3
15. Qxd3 Rc8 16. Re3 Nb4 17. Qe2 h6 18. Bf4 Bd6 19. Ne5 Nc6 20. Nxc6 Rxc6 21.
Be5 Bxe5 22. dxe5 Nd7 23. Rg3 Qb6 24. Qg4 g6 25. Re1 Qd8 26. f4 Rc4 27. Qe2
Rxf4 1/2-1/2

[Event "19. Obert Int. Sant Marti 2017 - B"]
[Site "Barcelona ESP"]
[Date "2017.07.16"]
[Round "4.42"]
[White "Gimenez Canadas, Carlos"]
[Black "Gibert Juan, Ramon"]
[Result "1-0"]
[WhiteElo "1764"]
[BlackElo "1580"]
[PlyCount "53"]
[EventDate "2017.07.13"]
[EventType "swiss"]
[EventRounds "9"]
[EventCountry "ESP"]
[SourceTitle "Ajedrez en Madrid"]
[Source "lmi"]
[SourceDate "2017.07.13"]
[SourceVersion "1"]
[SourceVersionDate "2019.06.21"]
[SourceQuality "1"]

1. e4 e5 2. Nf3 Nc6 3. Bc4 Bc5 4. O-O Nf6 5. d4 Bxd4 6. Nxd4 Nxd4 7. Bg5 h6 8.
f4 d6 9. fxe5 dxe5 10. Bxf6 gxf6 11. Qh5 Be6 12. Bxe6 Nxe6 13. Nc3 Nf4 14. Qf5
Rg8 15. Rad1 Rxg2+ 16. Kh1 Rd2 17. Rg1 Rxd1 18. Rxd1 Qe7 19. Rg1 Ng6 20. Nd5
Qd6 21. Nxf6+ Kf8 22. Rf1 Nf4 23. Nd7+ Kg7 24. Nxe5 f6 25. Rg1+ Kf8 26. Qh7 Qe6
27. Nd7+ 1-0

[Event "19. Obert Int. Sant Marti 2017 - B"]
[Site "Barcelona ESP"]
[Date "2017.07.16"]
[Round "4.43"]
[White "Minos Constante, Pablo"]
[Black "Mahi, Amit Doshi"]
[Result "1/2-1/2"]
[WhiteElo "1742"]
[BlackElo "1268"]
[PlyCount "63"]
[EventDate "2017.07.13"]
[EventType "swiss"]
[EventRounds "9"]
[EventCountry "ESP"]
[SourceTitle "Ajedrez en Madrid"]
[Source "lmi"]
[SourceDate "2017.07.13"]
[SourceVersion "1"]
[SourceVersionDate "2019.06.21"]
[SourceQuality "1"]

1. e4 c5 2. Nf3 d6 3. d4 cxd4 4. Nxd4 Nf6 5. Nc3 g6 6. f4 Nfd7 7. Bc4 Bg7 8.
Be3 O-O 9. Qd2 Nc6 10. O-O-O Nb6 11. Be2 Bd7 12. Nxc6 Bxc6 13. Bd4 e5 14. Be3
exf4 15. Bxf4 Bxc3 16. Qxc3 Re8 17. Bxd6 Bxe4 18. Bf4 Qc8 19. Qd2 Bxc2 20. Qxc2
Qxc2+ 21. Kxc2 Rxe2+ 22. Rd2 Rae8 23. Kd1 Rxd2+ 24. Kxd2 Nc4+ 25. Kc3 Re2 26.
Kd3 Rxg2 27. b3 Nb6 28. a4 g5 29. Bb8 a6 30. Rc1 f5 31. Be5 f4 32. Rc7 1/2-1/2

[Event "19. Obert Int. Sant Marti 2017 - B"]
[Site "Barcelona ESP"]
[Date "2017.07.16"]
[Round "4.46"]
[White "Molina Hernandez, Albert"]
[Black "Minko, Olga"]
[Result "1/2-1/2"]
[WhiteElo "1840"]
[BlackElo "1563"]
[PlyCount "86"]
[EventDate "2017.07.13"]
[EventType "swiss"]
[EventRounds "9"]
[EventCountry "ESP"]
[SourceTitle "Ajedrez en Madrid"]
[Source "lmi"]
[SourceDate "2017.07.13"]
[SourceVersion "1"]
[SourceVersionDate "2019.06.21"]
[SourceQuality "1"]

1. e4 e5 2. Nf3 Nc6 3. Bb5 Nf6 4. d3 Ne7 5. c3 c6 6. Ba4 Ng6 7. O-O Be7 8. Re1
O-O 9. Nbd2 d5 10. Nf1 Bg4 11. h3 Bxf3 12. Qxf3 d4 13. Bb3 Qd6 14. Ng3 Nh4 15.
Qe2 Nd7 16. cxd4 Qxd4 17. Be3 Qd6 18. Rac1 Rac8 19. Qg4 Rfd8 20. Red1 c5 21.
Bg5 Bxg5 22. Qxg5 Qf6 23. Qg4 Qh6 24. Nf5 Nxf5 25. Qxf5 Qf6 26. Qg4 Nf8 27. Bd5
b6 28. b4 Ng6 29. bxc5 bxc5 30. Rb1 Rc7 31. Rd2 Nf4 32. Bc4 Rcd7 33. g3 Ng6 34.
Rdb2 Qe7 35. h4 Nf8 36. Bd5 Ne6 37. Rb7 Rxb7 38. Rxb7 Rd7 39. Rb8+ Nd8 40. h5
h6 41. Qf5 Qd6 42. Rc8 Rc7 43. Kg2 Kh8 1/2-1/2

[Event "19. Obert Int. Sant Marti 2017 - B"]
[Site "Barcelona ESP"]
[Date "2017.07.16"]
[Round "4.47"]
[White "Gabrielsen, Rasmus Arvola"]
[Black "Carrey Abellan, Enric"]
[Result "0-1"]
[WhiteElo "1599"]
[BlackElo "1931"]
[PlyCount "114"]
[EventDate "2017.07.13"]
[EventType "swiss"]
[EventRounds "9"]
[EventCountry "ESP"]
[SourceTitle "Ajedrez en Madrid"]
[Source "lmi"]
[SourceDate "2017.07.13"]
[SourceVersion "1"]
[SourceVersionDate "2019.06.21"]
[SourceQuality "1"]

1. e4 c5 2. Nf3 e6 3. d4 cxd4 4. Nxd4 a6 5. Nc3 Qc7 6. Be2 b5 7. a3 Bb7 8. Bf3
Nf6 9. O-O d6 10. Re1 Be7 11. e5 dxe5 12. Bxb7 Qxb7 13. Qf3 Qxf3 14. Nxf3 O-O
15. Nxe5 Rd8 16. Be3 Nbd7 17. Nxd7 Rxd7 18. Rad1 Rc7 19. Bd4 h6 20. Re2 Rac8
21. Be5 Rc6 22. Red2 Ng4 23. Bd6 Bf6 24. Bb4 Rc4 25. h3 Ne5 26. Kf1 Nc6 27. b3
Rxc3 28. Bxc3 Bxc3 29. Re2 Nd4 30. Re3 Nxc2 31. Red3 Nxa3 32. Rc1 b4 33. Rd6
Ra8 34. f3 Nb5 35. Rc6 e5 36. Rd1 Nd4 37. Rc7 Nxb3 38. Rdd7 Rf8 39. Ra7 a5 40.
Ke2 Nc5 41. Rd5 Nb3 42. Rdd7 g5 43. Kd1 Kg7 44. Kc2 Nd4+ 45. Kb1 b3 46. Rac7
Bb4 47. Rb7 Kg6 48. Rb6+ f6 49. Rbb7 Rg8 50. Kb2 h5 51. g4 Nxf3 52. gxh5+ Kxh5
53. Rb6 Kg6 54. Kxb3 Kf5 55. Rf7 Rg6 56. Ka4 e4 57. Rd7 e3 0-1

[Event "19. Obert Int. Sant Marti 2017 - B"]
[Site "Barcelona ESP"]
[Date "2017.07.16"]
[Round "4.48"]
[White "Climent Vidal, Pere"]
[Black "Costa Trave, Jaume"]
[Result "0-1"]
[WhiteElo "1530"]
[BlackElo "1922"]
[PlyCount "90"]
[EventDate "2017.07.13"]
[EventType "swiss"]
[EventRounds "9"]
[EventCountry "ESP"]
[SourceTitle "Ajedrez en Madrid"]
[Source "lmi"]
[SourceDate "2017.07.13"]
[SourceVersion "1"]
[SourceVersionDate "2019.06.21"]
[SourceQuality "1"]

1. d4 d5 2. c4 e5 3. dxe5 d4 4. Nf3 Nc6 5. a3 Bg4 6. g3 Bxf3 7. exf3 Nxe5 8. f4
Nc6 9. Bg2 Be7 10. b4 Bf6 11. O-O Nge7 12. Ra2 O-O 13. Nd2 a6 14. Ne4 Nf5 15.
Bb2 Be7 16. Nd2 Rb8 17. Nb3 Bf6 18. b5 Na7 19. a4 Nc8 20. Qd3 g6 21. Rd1 Qe7
22. Ba3 Ncd6 23. c5 Nc8 24. c6 Ncd6 25. Bc5 bxc6 26. Bxc6 axb5 27. axb5 Rfd8
28. Nxd4 Nxd4 29. Bxd4 Nxb5 30. Bxb5 Rxd4 31. Qc2 Rxd1+ 32. Qxd1 Rxb5 33. Qf3
Rb4 34. h4 h5 35. Kg2 c5 36. Re2 Qb7 37. Rc2 Qxf3+ 38. Kxf3 c4 39. Ke4 c3+ 40.
Kd3 Rb2 41. f3 Rxc2 42. Kxc2 Kf8 43. g4 Ke7 44. f5 gxf5 45. gxf5 Kd6 0-1

[Event "19. Obert Int. Sant Marti 2017 - B"]
[Site "Barcelona ESP"]
[Date "2017.07.16"]
[Round "4.49"]
[White "Pascual Duran, Pau"]
[Black "Cespedes, Sandra"]
[Result "1/2-1/2"]
[WhiteElo "1491"]
[BlackElo "1814"]
[PlyCount "115"]
[EventDate "2017.07.13"]
[EventType "swiss"]
[EventRounds "9"]
[EventCountry "ESP"]
[SourceTitle "Ajedrez en Madrid"]
[Source "lmi"]
[SourceDate "2017.07.13"]
[SourceVersion "1"]
[SourceVersionDate "2019.06.21"]
[SourceQuality "1"]

1. e4 e5 2. Nf3 Nc6 3. Bb5 d6 4. O-O Bg4 5. d3 Qd7 6. Be3 a6 7. Ba4 h6 8. Nbd2
Nge7 9. c3 g5 10. Qc2 b5 11. Bb3 Na5 12. d4 Nxb3 13. Qxb3 Be6 14. Qc2 f6 15.
Ne1 Bg7 16. d5 Bf7 17. c4 Rc8 18. b4 Bg6 19. Qb3 c6 20. c5 cxd5 21. exd5 dxc5
22. Bxc5 Qxd5 23. Rd1 Rd8 24. Nef3 Qxb3 25. Nxb3 Nc6 26. Rxd8+ Nxd8 27. Rd1 Nb7
28. Bb6 O-O 29. Rd7 Be4 30. Nfd2 Bc6 31. Rc7 Bd5 32. f3 Nd8 33. Rd7 Bxb3 34.
Nxb3 Nc6 35. a3 Rb8 36. Bc7 Rc8 37. Nc5 a5 38. bxa5 Nxa5 39. Ne6 Bf8 40. Nxf8
Nc4 41. Nh7 f5 42. Nf6+ Kf8 43. Rh7 Rxc7 44. Rxc7 Nxa3 45. Nd5 e4 46. fxe4 fxe4
47. Rb7 Nc2 48. Rxb5 e3 49. Nc3 Kf7 50. Kf1 Kg6 51. Re5 Kf6 52. Re4 Kf5 53. Ke2
g4 54. Nd1 Kxe4 55. Nc3+ Kd4 56. Nd1 h5 57. g3 Ke4 58. Nc3+ 1/2-1/2

[Event "19. Obert Int. Sant Marti 2017 - B"]
[Site "Barcelona ESP"]
[Date "2017.07.16"]
[Round "4.50"]
[White "Arias Aranda, Guillem"]
[Black "Roche Peris, Eduard"]
[Result "0-1"]
[WhiteElo "1438"]
[BlackElo "1758"]
[PlyCount "86"]
[EventDate "2017.07.13"]
[EventType "swiss"]
[EventRounds "9"]
[EventCountry "ESP"]
[SourceTitle "Ajedrez en Madrid"]
[Source "lmi"]
[SourceDate "2017.07.13"]
[SourceVersion "1"]
[SourceVersionDate "2019.06.21"]
[SourceQuality "1"]

1. e4 c5 2. Nf3 Nc6 3. d4 cxd4 4. Nxd4 Nf6 5. Nc3 e6 6. Ndb5 Bb4 7. a3 Bxc3+ 8.
Nxc3 d5 9. Bg5 d4 10. Nb5 a6 11. e5 axb5 12. exf6 gxf6 13. Bh4 Qa5+ 14. Qd2 Ke7
15. Qxa5 Rxa5 16. O-O-O b4 17. Rd3 bxa3 18. Rxa3 Rxa3 19. bxa3 Bd7 20. Bb5 Ra8
21. a4 Ne5 22. f4 Ng6 23. Bxf6+ Kxf6 24. Bxd7 Ke7 25. Bb5 Nxf4 26. Rd1 e5 27.
Kb2 Rc8 28. g3 Nd5 29. Re1 f6 30. g4 h6 31. h4 Ne3 32. Bd3 Rg8 33. Rg1 Rxg4 34.
Rxg4 Nxg4 35. Kb3 Kd6 36. Kb4 Ne3 37. Kb5 Kc7 38. Kc5 b6+ 39. Kb5 f5 40. Be2
Nxc2 41. Kc4 e4 42. Kd5 d3 43. Bh5 e3 0-1

[Event "19. Obert Int. Sant Marti 2017 - B"]
[Site "Barcelona ESP"]
[Date "2017.07.16"]
[Round "4.51"]
[White "Volart Buil, Jordi"]
[Black "Gomez Guinovart, Josep Manel"]
[Result "1-0"]
[WhiteElo "1754"]
[BlackElo "1601"]
[PlyCount "93"]
[EventDate "2017.07.13"]
[EventType "swiss"]
[EventRounds "9"]
[EventCountry "ESP"]
[SourceTitle "Ajedrez en Madrid"]
[Source "lmi"]
[SourceDate "2017.07.13"]
[SourceVersion "1"]
[SourceVersionDate "2019.06.21"]
[SourceQuality "1"]

1. d4 Nf6 2. c4 e6 3. a3 d5 4. Nc3 c6 5. cxd5 exd5 6. Bf4 Bd6 7. Qd2 O-O 8. Nf3
Qc7 9. Bg5 Be7 10. Qc1 Qd8 11. e3 h6 12. Bf4 Bf5 13. h3 Bd6 14. Bh2 Qc7 15. Be2
Nbd7 16. Nb5 cxb5 17. Qxc7 Bxc7 18. Bxc7 a6 19. O-O Rfc8 20. Rac1 Ne8 21. Ba5
Rc6 22. Rxc6 bxc6 23. Rc1 Rc8 24. Bb4 Nb8 25. Ne5 f6 26. Nd3 Rd8 27. Ba5 Rc8
28. g4 Bg6 29. Nb4 Nd6 30. Na2 Be8 31. b3 Bd7 32. f3 Re8 33. Kf2 f5 34. Bc7 Nf7
35. Nb4 fxg4 36. hxg4 Ng5 37. Bxb8 Rxb8 38. Nxa6 Ra8 39. Nc5 Be8 40. Ra1 Nf7
41. a4 Nd6 42. a5 Nc8 43. b4 Na7 44. Bd3 Rc8 45. Bf5 Rc7 46. Re1 Nc8 47. Na6
1-0

[Event "19. Obert Int. Sant Marti 2017 - B"]
[Site "Barcelona ESP"]
[Date "2017.07.16"]
[Round "4.52"]
[White "Moreno Oller, Victor"]
[Black "Rodriguez Beltran, Fernando"]
[Result "1/2-1/2"]
[WhiteElo "1730"]
[BlackElo "1553"]
[PlyCount "69"]
[EventDate "2017.07.13"]
[EventType "swiss"]
[EventRounds "9"]
[EventCountry "ESP"]
[SourceTitle "Ajedrez en Madrid"]
[Source "lmi"]
[SourceDate "2017.07.13"]
[SourceVersion "1"]
[SourceVersionDate "2019.06.21"]
[SourceQuality "1"]

1. d4 d5 2. c4 c6 3. cxd5 cxd5 4. Nf3 Nf6 5. Nc3 Nc6 6. Bf4 Nh5 7. Bd2 e6 8. e3
Be7 9. Bb5 Bd7 10. Bxc6 bxc6 11. Ne5 Nf6 12. Nxd7 Nxd7 13. Ne2 c5 14. O-O O-O
15. Rc1 c4 16. b3 cxb3 17. Qxb3 Nb6 18. Ba5 Qb8 19. Bxb6 Qxb6 20. Qc2 Rfc8 21.
Qa4 Rxc1 22. Nxc1 Rc8 23. Nb3 g6 24. h3 Bb4 25. Rb1 a5 26. Nxa5 Qxa5 27. Rxb4
Rc1+ 28. Kh2 Qc7+ 29. g3 Rf1 30. Rb2 Qc1 31. Qc2 Rh1+ 32. Kg2 Qf1+ 33. Kf3 Qxh3
34. Ke2 Qg4+ 35. Kd3 1/2-1/2